000 00638nam a2200229 a 4500
999 _c4969
_d4969
001 4969
003 BD-JhCC
005 20171209095810.0
008 171206s1963 e |||| || | 000 0 eng d
035 _a(BD-JhCC)4969
040 _aBD-JhCC
_dBD-JhCC
041 _aeng
082 _a421.42
_bAND 1963
100 _aAnderson, Kenneth
245 _aThe Harrap Spelling Books For Tropical Shools /
_cKenneth Anderson, Henry William Howes
260 _aLondon :
_bGeorge G. Harrap & Co. Ltd,
_c1963.
300 _a47 p. :
_c18 cm.
650 _aSpelling, English
700 _aHowes, Henry William
942 _2ddc
_cBK